000 00676nam a2200265Ia 4500
005 20260121165036.0
008 008 260114s9999 xx 000 0 eng d
020 _a9781137535788
037 _aEBOOK
040 _aCRL
040 _beng
040 _cCRL
041 _2eng
041 _aeng
084 _qCRL
100 _aVictoria Miroshnik, Dipak Basu
_91046816
245 0 _aStructural Revolution in International Business Architecture
260 _bSpringer
260 _bSpringer
260 _c2016
856 _uhttps://link.springer.com/openurl?genre=book&isbn=978-1-137-53578-8
942 _cEBOOK
999 _c1612541
_d1612541